Nuevas tendencias del derecho administrativo

Bibliographic Details
Main Author: Alviar Garca̕, Helena
Format: eBook
Language:Spanish
Published: Bogot:̀ Universidad de Los Andes (Colombia), 2016
Subjects:
Online Access:Acceso restringido

MARC

LEADER 00000nam a22000007a 4500
005 20190514222922.0
007 cr|||| ||||
008 190514s2016 co |||||s|||| 00||0 spa d
020 |a 978-958-35-1104-2 
035 |a 23366 
040 |a vLex 
090 |c 8700  |d 8700 
100 1 |a Alviar Garca̕, Helena 
245 1 0 |a Nuevas tendencias del derecho administrativo  |h [Recurso electrn̤ico] /  |c Helena Alviar Garca̕ 
256 |a Servicio en ln̕ea 
260 |a Bogot:̀  |b Universidad de Los Andes (Colombia),  |c 2016 
300 |a 1 recurso electrn̤ico 
500 |a El derecho administrativo, en su definicin̤ y contenido, ha sido visto tradicionalmente como uno de los campos jurd̕icos en los que se define, configura y concreta la tensin̤ entre los ideales de igualdad y libertad de una sociedad. Histr̤icamente, el derecho administrativo se desarroll ̤como un conjunto de herramientas encaminadas a hacer que los gobernantes, en su interaccin̤ con la comunidad, se rigieran por unas normas que garantizaran la libertad de los individuos. Es decir, que no se cometieran arbitrariedades, que en la actuacin̤ del Estado se respetara el debido proceso de acuerdo con el principio de legalidad. 
506 1 |a Disponible solo en los productos indicados  |d vLex Global  |d vLex Global (Academic Edition, excluding Law Schools)  |d vLex Global (U.S. Academic Edition, Law Schools)  |d vLex Global (U.S. Academic Edition, excluding Law Schools)  |d vLex Global (Academic Edition, Law Schools) 
650 0 4 |a Derecho Pb︢lico y Administrativo  |z Colombia 
740 0 |a vLex Libros (Servicio en ln̕ea) 
856 4 0 |u http://vlex.com/source/nuevas-tendencias-del-derecho-administrativo-23366  |z Acceso restringido 
942 |c BOOK 
999 0 |a Public and Administrative Law